| 000 | 00629nam a2200217Ia 4500 | ||
|---|---|---|---|
| 003 | 0100 | ||
| 008 | 130307s9999 xx 000 0 und d | ||
| 040 | _cARRUPELIB | ||
| 050 | _aBS1225.52.B54 2004 | ||
| 100 | _aBlenkinsopp, Joseph, 1927- | ||
| 245 | _aTreasures old and new : essays in the theology of the Pentateuch / Joseph Blenkinsopp. | ||
| 245 | _bessays in the theology of the Pentateuch | ||
| 260 | _aGrand Rapids, Mich. : | ||
| 260 | _bW.B. Eerdmans | ||
| 260 | _cc2004. | ||
| 300 | _ax | ||
| 300 | _b228 p. 23 cm. | ||
| 650 | _bZimbabwe--History--1980 | ||
| 650 | _cZimbabwe--Politics--1980 | ||
| 942 | 0 | 0 | _01 |
| 999 |
_c99214 _d99214 |
||